| 000 | 00743nam a2200241 4500 | ||
|---|---|---|---|
| 001 | 16988 | ||
| 003 | HDC | ||
| 007 | cr bn ---aaaaa | ||
| 008 | 210222c mydr|noo 0 a may d | ||
| 040 | _aHDC | ||
| 245 | 0 | _aRagu jaminan makanan halal di Beijing | |
| 260 |
_aMalaysia: _bBerita Harian, _c2003 |
||
| 336 |
_atext _2rdacontent |
||
| 337 |
_acomputer _2rdamedia |
||
| 338 |
_aonline resource _2rdacarrier |
||
| 650 |
_aHalal food _950 |
||
| 650 |
_atourism _9880 |
||
| 710 | _aBerita Harian | ||
| 856 | _zRequest full-text at [email protected] | ||
| 942 | _2lcc | ||
| 942 | _cNEWS | ||
| 942 | _kNSWO 008529 | ||
| 999 |
_c14304 _d14304 |
||